| 000 | 00709nam a2200229Ia 4500 | ||
|---|---|---|---|
| 003 | OSt | ||
| 005 | 20260331113514.0 | ||
| 008 | 210716s2011 xx 000 0 und d | ||
| 020 | _a9780071077972 | ||
| 040 | _cAIMIT LIBRARY | ||
| 041 | _aeng | ||
| 082 |
_a658.421 _21 _bGOYD |
||
| 100 |
_aGoyal, D P. _9259811 |
||
| 245 |
_aEnterprise resource planning : _bmanagerial perspective / _cBy D.P. Goyal. |
||
| 250 | _a1st ed. | ||
| 260 |
_aNew Delhi : _bTata McGraw Hill Education Private Limited , _c2011. |
||
| 300 |
_axvii,365 p.; _bPB _c24 cm. |
||
| 650 |
_aERP and e-commerce _9259812 |
||
| 650 |
_aERP architecture _9259813 |
||
| 650 |
_aERP need analysis _9259814 |
||
| 942 |
_2ddc _cBK _e1st _k658.421 GOYD |
||
| 999 |
_c192822 _d192822 |
||